Empresas de servicios públicos. Renegociación de contratos y credibilidad (Registro nro. 23200)

Detalles MARC
000 -LEADER
fixed length control field 00407 a2200121 4500
001 - CONTROL NUMBER
control field ART_10681
005 - DATE AND TIME OF LATEST TRANSACTION
control field 20260410161831.0
008 - FIXED-LENGTH DATA ELEMENTS--GENERAL INFORMATION
fixed length control field 260409a
100 1# - MAIN ENTRY--PERSONAL NAME
Personal name Colomé, Rinaldo A.
245 10 - TITLE STATEMENT
Title Empresas de servicios públicos. Renegociación de contratos y credibilidad
700 1# - ADDED ENTRY--PERSONAL NAME
Personal name Valquez, Carlos S.
773 0# - HOST ITEM ENTRY
Title Actualidad Económica
Related parts - Año XIII, Nº 54 (ene./dic. 2003)
Record control number REV5083

No hay ítems disponibles.